000
00315nam a2200121Ia 4500
005
20251222141806.0
008
251222s9999||||xx |||||||||||||| ||spa||
020
_a
84-7490-135-9
082
_a
922.2/S74
100
_a
"Balthasar, Hans Urs von"
245
0
_a
Adrienne von Speyr: Vida y misión teológica
942
_c
LIB
999
_c
6299
_d
6299